000 00573nac a22001811u 4500
020 _a 0706977580
082 _a621.01
_bKUL
090 _c924
_d924
100 _aKulshrestha, S K.
245 _aThermal engineering /
_cS K. Kulshrestha.
250 _a2nd revised ed.
260 _aNew Delhi :
_bVikas publishing house PVT LTD,
_c2003.
300 _a1 v. (various pagings) :
_billus;
_c24 cm.
500 _aIncludes index.
650 _aThermodynamics.
942 _cBB
_k621.01KUL
999 _c924
_d924